Quizzes
Events
Quiz Creation
Community
Videos
Private Events
Remove Ads
Sign In
Join for FREE
Feedback
Dark Mode
Quiz Categories
Sports
Geography
Music
Movies
Television
Just For Fun
Miscellaneous
History
Literature
Language
Science
Gaming
Entertainment
Religion
Holiday
For Kids
Quiz Lab
Recent
Popular Today
Quiz Kudos Today
Editor Picks
Curator Picks
Quizzes by...
Day
Popularity
Type
Ratings
Length
Year
Community
Subscriptions
Recent Discussions
Orange Saloon
Badges
Playlists
Quests
Create
Leaderboards
Showdown
Live 5
Trivia Bingo
Activity
Puzzle Library
Sporcle Events
Private Events
Virtual Trivia
Globe League
Become a Host
Pub Owners
SporcleCon
Opinionation
Our Games
Videos
Blog
Mobile Apps
Partnerships
Remove Ads and Go Orange
Feedback
Science
Computer
Plants
Astronomy
Chemistry
Elements
Math
Animal
Physics
Anatomy
Biology
Geology
General Science
Science
Computer
Plants
Astronomy
Chemistry
Elements
Math
Animal
Physics
Anatomy
Biology
Geology
General Science
Random Quiz
Search Sporcle
×
Quiz Lab
Quiz Lab
Science
Whether
Type in answers that appear in a list
Type in answers that appear in a list
Classic
Best Score? Go Orange.
Periodic Table: 1, 2, 3, or 4? Stats
Can you name the answers to the periodic table trivia, whether the answer is 1, 2, 3, or 4?
By
myb555
7m
24 Questions
80 Plays
80 Plays
80 Plays
Comments
Comments
Give Quiz Kudos
Give Quiz Kudos
-
- Ratings
hide this ad
More Info
Forced Order
Answers have to be entered in order
Answers have to be entered in order
Wrong Answers
Some wrong answers will appear in red
Some wrong answers will appear in red
Replay
Link that replays current quiz
Next Quiz
Link to next quiz in quiz playlist
You Got
0%
They Got
Avg Score
35%
Avg Friend Score
Upgrade to see
Score Distribution
Jump to the score distribution portion of the page
Score
0/24
Timer
07:00
0
Plays Today
Hint
1, 2, 3, or 4
% Correct
3 letter elements
???
67.5%
Elements beginning with 'V'
???
57.5%
Elements found in diamond
???
53.8%
Known elements in group 11
???
51.3%
Elements that melt at a higher temperature than Tungsten
???
50%
Elements whose symbols are made up of 2 vowels
???
46.3%
Elements that begin with 'D'
???
43.8%
Radioactive elements with an atomic number lower than 84.
???
40%
Alkali metals in period 3
???
37.5%
Elements in Period 1
???
36.3%
Elements with a higher atomic number than Titanium but less than Iron
???
35%
Elements that border Boron on the periodic table*
???
33.8%
Hint
1, 2, 3, or 4
% Correct
Elements whose symbol is 1 letter, and that letter does not appear in it's English name.
???
32.5%
Non-
radioactive halogens
???
32.5%
Sum of the digits of the atomic number of Copernicium
???
31.3%
Actinides denser than gold
???
28.8%
Metalloids with a higher melting point than Calcium
???
26.3%
Halogens whose atomic numbers are NOT prime
???
26.3%
Elements denser than Bohrium
???
23.8%
Number of actinides that are naturally occuring
???
23.8%
Metalliods whose atomic numbers are prime
???
21.3%
Elements less dense than Oxygen
???
18.8%
Elements that begin with 'I'
???
16.3%
Noble gases whose symbols are also words
???
10%
Quiz Playlist
Details
Report
Send in Message
Add To Playlist
More Info:
*Diagonals included
Classic:
Type in answers that appear in a list
Forced Order:
Answers have to be entered in order
Wrong Answers:
Some wrong answers will appear in red
Last Updated: Feb 16, 2017
Quiz Scoreboard
CHALLENGE
Sign Up to Join the Scoreboard
Show All
Scores
Hide
Comments
May contain spoilers
Recently Published
Pick 6: Fruits
by JohnFran
Miscellaneous
15s
Click the 1999 NBA Draft
by nibperrychub
Sports
2m
Alphabetical 'K' Countries by Flag Minefield
by ylime102
Geography
3m
More to Explore
Quiz From the Vault
Featured Blog Post
15 Basketball Trivia Facts You Can Be March Mad About
hide this ad
You Might Also Like...
Tags
Periodic Table
Table
Whether
Today's Top Quizzes in Science
Browse Science
hide this ad
Today's Top Quizzes in Whether
Browse Whether
Top Contributed Quizzes in Science
1
Trivia Jigsaw: Scientific Foursomes
2
The First 100 Digits of Pi
3
Trivia Jigsaw: Elements
4
Journey Through Space
5
'P' Natural World
6
Dashed Science
7
200 Digits of pi
8
'W' Natural World
9
'V' Natural World
10
A Equals A
Explore More
Trending Topics
Anime
Disney
Crossword
NBA
Kpop
Harry Potter
Marvel
Pokémon
NFL
Song
Puzzle
WWE
The Office
Country
Soccer
hide this ad
More By:
myb555
Quiz
Plays
Rating
Category
Featured
Created
74th Hunger Games Bunker
237,679
3.52
Literature
Oct 16, 2011
Who Wants to be a Millionaire? Spongebob Edition
45,507
3.31
Television
Mar 26, 2011
Astronomy: A-Z
43,645
4.53
Science
Jul 13, 2011
Astronomy: A-Z II
21,839
4.44
Science
Oct 21, 2011
German: Fruits and Vegetables
18,603
4.60
Language
Mar 25, 2011
Go to Creator's Profile
Score Distribution
Quiz Creator Spotlight
myb555
Follow
Send a Message
Quizzes Created
-
Created Quiz Play Count
-
More By This Creator
Popular Quizzes Today
1
Countries of Asia Without Outlines Minefield
2
Pick 6: Fruits
3
Find the US States - No Outlines Minefield
4
Alphabetical 'K' Countries by Flag Minefield
5
Click the 1999 NBA Draft
6
The Countries of the World
7
Match the Book to the Film X
8
Find the US States
More Science Quizzes
► Animals - Vultures
Quiz Lab
Trending Quizzes
Donkey Kong Minefield
Multiplication Danger Zone
DC Extended Universe: Oldest to Newest
The 3rd Thing You Need to Know: Actresses
Minefield Map: North American Capitals
Recently Updated
Women's Final Four Teams by Year
bhenderson79
Presidents Quartet II
eogle
Anything But Clue(do)
eogle
Anything But Oceanian Capitals
eogle
Anything But 7
eogle
Anything But Thing
eogle
Word Ladder: February 29
pecheneg
Song Title Questions
pecheneg
Women's NCAA Tournament #1 Seeds
pecheneg
Celebrity Mug Shots
pecheneg
Trending Topics
Harry Potter
NBA
Marvel
Kpop
Crossword
Disney
Anime
Puzzle
WWE
NFL
Pokémon
The Office
Song
Country
Soccer
Your Account Isn't Verified!
In order to create a playlist on Sporcle, you need to verify the email address you used during registration. Go to your
Sporcle Settings
to finish the process.
Report this User
Report this user for behavior that violates our
Community Guidelines
.
Details:
Send Report
Go to the Sporcle.com Mobile Site →
Comments